| 000 | 00318nam a22001217a 4500 | ||
|---|---|---|---|
| 082 |
_a297 _bRAZ _cMasjid |
||
| 100 |
_aRazzaq, Hafiz Abdur _951322 |
||
| 245 | _aبزم انجم | ||
| 260 |
_aChwal, _bIdara Naqshabandi, _c1982. |
||
| 300 |
_a192p. _c24cm. |
||
| 526 |
_a0 _b0 _c0 _d297_000000000000000_RAZ |
||
| 942 |
_2ddc _cBK |
||
| 999 |
_c554037 _d554037 |
||